000 01268nam a2200265Ia 4500
003 Ost
005 20260507075159.0
008 260507s9999||||xx |||||||||||||| ||und||
020 _a1347169957
040 _cfsecg
041 _aara
082 _a330
100 _aالبطاينة، عامر فتحي
_eمؤلف
245 0 _aدور القاضي في التحكيم التجاري الدولي :
_bدراسة مقارنة /
_c عامر فتحي البطاينة
260 _aعمان:
_bدار الثقافة,
_c2009
300 _a272 صفحة؛
_c24 سم
504 _aمراجع ص.267
520 _aدور القاضي الأردني إزاء الخصومة التحكيمية الدولية : مفهوم الخصومة التحكيمية الدولية ، دور القاضي في إنعقاد و سير الخصومة التحكيمية الدولية ، دور القاضي إزاء الحكم التحكيمي الدولي : الطعن في الحكم التحكيمي الدولي ، تنفيذ الحكم التحكيمي الدولي .
653 _aالتحكيم
653 _aالتحكيم التجاري
653 _aالتحكيم الدولي
653 _aالقاضي
653 _aالقانون الدولي
942 _cكتاب
999 _c43388
_d43388